000
00229nam a22000857a 4500
008
160716b xxu||||| |||| 00| 0 eng d
100
_9
2938
_a
Arora S.L
245
_a
New Simplified Physics-XI
260
_a
New Delhi
_b
D.R Publication
_c
2012
999
_c
2503
_d
2503